[Event "AUTO-MASTER-716"]
[Site "http://www.queenalice.com/game.php?id=524619"]
[Date "2009.1.18"]
[Round "1"]
[White "LucLuc"]
[Black "hjspinosa"]
[Result "0-1"]
[WhiteElo "2149"]
[BlackElo "2223"]

1. b3 f6 2. e4 e5 3. Nc3 Bb4 4. Bc4 Ne7 5. Nd5 Nxd5 6. Bxd5 c6 7. Bc4 d5 8. exd5
cxd5 9. Bb5+ Nc6 10. Qh5+ g6 11. Qh4 O-O 12. Bxc6 bxc6 13. Qxb4 Be6 14. Ne2 f5
15. Bb2 Qc7 16. Ba3 Rad8 17. Qe7 Qc8 18. Qxa7 Rf7 19. Qe3 Qc7 20. O-O f4 21. Qc5
f3 22. Ng3 fxg2 23. Kxg2 Qd7 24. Rg1 Bh3+ 25. Kh1 Qg4 26. Qe3 Rf3 27. Qxe5 Rxb3
28. Qe2 Rxa3 29. c3 Rf8 30. Qxg4 Bxg4 31. Kg2 Rfa8 32. f3 Bd7 33. Kf2 Rxa2 34.
Rxa2 Rxa2 35. Ke3 c5 36. Kd3 Kf7 37. Rb1 Ke7 38. Nf1 Bf5+ 0-1

[Event "AUTO-MASTER-716"]
[Site "http://www.queenalice.com/game.php?id=524620"]
[Date "2009.1.18"]
[Round "1"]
[White "hjspinosa"]
[Black "LucLuc"]
[Result "1-0"]
[WhiteElo "2169"]
[BlackElo "2077"]

1. e4 g6 2. d4 Bg7 3. Nc3 d5 4. exd5 Nf6 5. Bc4 Nbd7 6. Nge2 Nb6 7. Bb5+ Bd7 8.
Bd3 Nfxd5 9. Nxd5 Nxd5 10. c3 O-O 11. O-O Rc8 12. Nf4 Nf6 13. Be3 Re8 14. Re1
Ng4 15. Qf3 Nxe3 16. fxe3 c6 17. Bc4 Rf8 18. Rf1 b5 19. Bb3 Rc7 20. Nd3 Be6 21.
Bxe6 fxe6 22. Qe4 Qd5 23. Nc5 Qxe4 24. Nxe4 e5 25. Nc5 Rxf1+ 26. Rxf1 exd4 27.
Ne6 Rd7 28. exd4 Rd6 29. Re1 Bf6 30. Nc5 a5 31. Ne4 Rd5 32. Nxf6+ exf6 33. Re6
c5 34. dxc5 Rxc5 35. Rxf6 Rd5 36. h3 Rd2 37. Rf2 Rd1+ 38. Kh2 Rb1 39. Kg3 Kg7
40. Kf3 h5 41. Ke4 Re1+ 42. Kd5 Kh6 43. Kc5 Re5+ 44. Kb6 a4 45. Ka5 Kg5 46. c4
bxc4+ 47. Kxa4 Re4 48. Kb4 Kh4 49. a4 Kg3 50. Rc2 c3+ 51. Kxc3 Rxa4 52. b4 Ra8
53. b5 g5 54. b6 g4 55. hxg4 hxg4 56. Kb4 Rf8 57. Kb5 Kh2 58. b7 1-0

[Event "AUTO-OPEN-1413"]
[Site "http://www.queenalice.com/game.php?id=527223"]
[Date "2009.1.22"]
[Round "1"]
[White "LucLuc"]
[Black "Hermano"]
[Result "0-1"]
[WhiteElo "1953"]
[BlackElo "1785"]

1. e4 e5 2. Nf3 Nc6 3. Bb5 Qf6 4. O-O a6 5. Ba4 b5 6. Bb3 Bb7 7. d3 h6 8. Nc3
Na5 9. Re1 Bb4 10. Re2 Bxc3 11. bxc3 Ne7 12. d4 d6 13. a4 O-O 14. dxe5 dxe5 15.
Bb2 Rad8 16. Qe1 Nac6 17. axb5 axb5 18. c4 b4 19. c3 bxc3 20. Qxc3 Ng6 21. g3
Nd4 22. Nxd4 exd4 23. Qb4 Qf3 24. Rae1 Ne5 25. Bc2 Ba8 26. Bd1 Nd3 0-1

[Event "AUTO-OPEN-1413"]
[Site "http://www.queenalice.com/game.php?id=527224"]
[Date "2009.1.22"]
[Round "1"]
[White "Hermano"]
[Black "LucLuc"]
[Result "1-0"]
[WhiteElo "1777"]
[BlackElo "1977"]

1. e4 b6 2. d4 d5 3. Bd3 Bb7 4. Nc3 e6 5. Nf3 Bb4 6. Bd2 Nc6 7. O-O Nge7 8. a3
Bxc3 9. Bxc3 Qd7 10. Re1 O-O-O 11. Ng5 Rdf8 12. exd5 Qxd5 13. Qg4 f5 14. Qg3 Rf6
15. Nf3 Rg6 16. Qh3 Rh6 17. Qg3 Rg6 18. Qf4 Rg4 19. Qe3 Kb8 20. h3 Rg6 21. Nh4
Nd8 22. f3 Rf6 23. b3 Ng6 24. Bc4 Qc6 25. d5 exd5 26. Bxf6 Qxf6 27. Nxg6 hxg6
28. Bd3 f4 29. Qe7 Qd4+ 30. Kh2 Bc8 31. Bxg6 1-0

[Event "AUTO-OPEN-1413"]
[Site "http://www.queenalice.com/game.php?id=527227"]
[Date "2009.1.22"]
[Round "1"]
[White "LucLuc"]
[Black "dwrogers"]
[Result "1-0"]
[WhiteElo "2149"]
[BlackElo "1204"]

1. e4 e5 2. Nf3 Nc6 3. Bc4 Nf6 4. O-O Nxe4 5. Nc3 Nxc3 6. dxc3 d6 7. Qd3 Na5 8.
Bxf7+ Kxf7 9. Qd5+ Be6 10. Qxa5 b6 11. Qb5 a6 12. Qe2 h6 13. Be3 e4 14. Nd4 Bd5
15. Qh5+ g6 16. Qxd5+ Kg7 17. Ne6+ Kh7 18. Nxd8 h5 19. Qf7+ Bg7 20. Ne6 Rhg8 21.
Qxc7 Rac8 22. Qxd6 1-0

[Event "AUTO-OPEN-1413"]
[Site "http://www.queenalice.com/game.php?id=527228"]
[Date "2009.1.22"]
[Round "1"]
[White "dwrogers"]
[Black "LucLuc"]
[Result "0-1"]
[WhiteElo "1234"]
[BlackElo "2124"]

1. e4 b6 2. Bc4 Bb7 3. Qf3 e6 4. Nh3 Nf6 5. O-O c6 6. d3 d5 7. exd5 cxd5 8. Bb3
Bd6 9. Bg5 Nbd7 10. Nc3 a6 11. Rae1 O-O 12. d4 Qc7 13. Nf4 Ne4 14. Nxe4 dxe4 15.
Qc3 Bxf4 16. Qxc7 Bxc7 17. f4 Bd5 18. c4 Bb7 19. Ba4 b5 20. Bc2 bxc4 21. Bxe4
Bxe4 22. Rxe4 Rab8 23. Rc1 Rxb2 24. a3 Nb6 25. Be7 Re8 26. Bh4 f5 27. Ree1 Bxf4
28. Ra1 Nd5 29. Rab1 Rxb1 30. Rxb1 Rb8 31. Re1 Kf7 32. g3 g5 33. gxf4 gxh4 34.
Rc1 c3 35. Kf1 Rb2 0-1

[Event "AUTO-MASTER-720"]
[Site "http://www.queenalice.com/game.php?id=527335"]
[Date "2009.1.22"]
[Round "1"]
[White "puddschini"]
[Black "LucLuc"]
[Result "1-0"]
[WhiteElo "2212"]
[BlackElo "2060"]

1. e4 b6 2. d4 c6 3. Nf3 e6 4. c4 Bb4+ 5. Nc3 d5 6. cxd5 Bxc3+ 7. bxc3 exd5 8.
e5 Bg4 9. Ba3 Ne7 10. Bd3 O-O 11. Bxh7+ Kh8 12. Bd3 c5 13. dxc5 Qc7 14. Qa4 Bxf3
15. Qh4+ 1-0

[Event "AUTO-MASTER-720"]
[Site "http://www.queenalice.com/game.php?id=527336"]
[Date "2009.1.22"]
[Round "1"]
[White "LucLuc"]
[Black "puddschini"]
[Result "0-1"]
[WhiteElo "2047"]
[BlackElo "2219"]

1. e4 e6 2. e5 d5 3. d4 c5 4. Nf3 Nc6 5. Bg5 Qb6 6. b3 cxd4 7. Bd3 f6 8. exf6
gxf6 9. Bd2 e5 10. Nh4 Be6 11. O-O e4 12. Be2 Bd6 13. Bh5+ Kd8 14. Bg4 Bxg4 15.
Qxg4 Nge7 0-1

[Event "AUTO-MASTER-720"]
[Site "http://www.queenalice.com/game.php?id=527351"]
[Date "2009.1.22"]
[Round "1"]
[White "jazp"]
[Black "LucLuc"]
[Result "1-0"]
[WhiteElo "2060"]
[BlackElo "1906"]

1. e4 b6 2. d4 Bb7 3. Bd3 Nc6 4. Ne2 d6 5. O-O e5 6. d5 Nce7 7. f4 Nf6 8. fxe5
dxe5 9. Bg5 Ng6 10. Nd2 Be7 11. Ng3 1-0

[Event "AUTO-MASTER-720"]
[Site "http://www.queenalice.com/game.php?id=527352"]
[Date "2009.1.22"]
[Round "1"]
[White "LucLuc"]
[Black "jazp"]
[Result "0-1"]
[WhiteElo "1896"]
[BlackElo "2070"]

1. e4 c5 2. Nf3 Nc6 3. d4 cxd4 4. Nxd4 Nf6 5. Nxc6 bxc6 6. Bd3 e5 7. Bg5 Bc5 8.
O-O O-O 9. Kh1 h6 10. Bh4 d5 11. Nd2 g5 0-1

[Event "AUTO-MASTER-720"]
[Site "http://www.queenalice.com/game.php?id=527363"]
[Date "2009.1.22"]
[Round "1"]
[White "LucLuc"]
[Black "Vonkinho"]
[Result "1/2-1/2"]
[WhiteElo "2095"]
[BlackElo "2107"]

1. e4 e5 2. Nf3 Nf6 3. Nc3 Nc6 4. Bb5 Bb4 5. O-O O-O 6. d3 d6 7. Bg5 Bxc3 8.
bxc3 Bg4 9. h3 Be6 10. d4 Ne7 11. Bxf6 gxf6 12. d5 Bc8 13. Nh4 Ng6 14. Qh5 Kh8
15. Nxg6+ fxg6 16. Qh6 f5 17. f4 Qe7 18. fxe5 dxe5 19. Bd3 f4 20. c4 b6 21. Rf3
Ba6 22. Kh2 Qc5 23. h4 Bxc4 24. h5 Bxd3 25. hxg6 Qe7 26. Rxd3 Qg7 27. Rh3 Qxh6
28. Rxh6 Rac8 29. Rxh7+ Kg8 30. Re7 Rfe8 31. Rf7 Rf8 32. Re7 Rfe8 1/2-1/2

[Event "AUTO-MASTER-720"]
[Site "http://www.queenalice.com/game.php?id=527364"]
[Date "2009.1.22"]
[Round "1"]
[White "Vonkinho"]
[Black "LucLuc"]
[Result "1-0"]
[WhiteElo "2092"]
[BlackElo "2124"]

1. d4 Nf6 2. c4 c6 3. Nf3 d5 4. Nc3 Bf5 5. cxd5 Nxd5 6. Qb3 Nxc3 7. bxc3 e6 8.
Qxb7 Nd7 9. Bf4 Be7 10. e3 Qc8 11. Ba6 O-O 12. Qxc8 Rfxc8 13. Bxc8 Rxc8 14. O-O
f6 15. Nd2 h5 16. e4 Bh7 17. f3 g5 18. Be3 Nb6 19. a4 c5 20. a5 Nd7 21. Rfb1
cxd4 22. cxd4 f5 23. Rb7 f4 24. Bf2 Rd8 25. Rxa7 g4 26. Rb1 g3 27. hxg3 Bg5 28.
gxf4 Bxf4 29. Nc4 Rb8 30. Rbb7 Rxb7 31. Rxb7 1-0

[Event "AUTO-MASTER-727"]
[Site "http://www.queenalice.com/game.php?id=532775"]
[Date "2009.1.31"]
[Round "1"]
[White "LucLuc"]
[Black "anderson_amorim89"]
[Result "0-1"]
[WhiteElo "1915"]
[BlackElo "2099"]

1. e4 c5 2. Nf3 d6 3. c3 Nc6 4. d4 cxd4 5. cxd4 g6 6. Nc3 Bg7 7. Bb5 Bd7 8. O-O
a6 9. Be2 e6 10. Re1 Nge7 11. e5 dxe5 12. dxe5 Nxe5 0-1

[Event "AUTO-MASTER-727"]
[Site "http://www.queenalice.com/game.php?id=532790"]
[Date "2009.1.31"]
[Round "1"]
[White "armesto65"]
[Black "LucLuc"]
[Result "1-0"]
[WhiteElo "2134"]
[BlackElo "1930"]

1. e4 c6 2. d4 Nf6 3. e5 Nd5 4. f4 e6 5. Nf3 d6 6. Bd3 Be7 7. O-O Nd7 8. Nc3
N7b6 9. Ne4 dxe5 10. fxe5 Bd7 11. Nfg5 O-O 12. Nxh7 f5 13. exf6 Nxf6 14. Nxf8
Qxf8 15. Bg5 Nbd5 16. Qf3 Qe8 17. Nc5 Bxc5 18. dxc5 Qh5 19. Qxh5 Nxh5 20. g4
Nhf6 21. Bxf6 gxf6 22. c4 Ne7 23. Rxf6 Rf8 24. Raf1 Rxf6 25. Rxf6 Kg7 26. g5 Nf5
27. Bxf5 1-0

[Event "AUTO-MASTER-727"]
[Site "http://www.queenalice.com/game.php?id=532791"]
[Date "2009.1.31"]
[Round "1"]
[White "LucLuc"]
[Black "armesto65"]
[Result "0-1"]
[WhiteElo "1922"]
[BlackElo "2140"]

1. e4 c5 2. Nf3 d6 3. Bc4 Nc6 4. O-O Nf6 5. d4 Nxe4 6. dxc5 Nxc5 7. Nc3 g6 8.
Bg5 Bg7 9. Bxf7+ Kxf7 10. Qd5+ Be6 11. Qd2 Rf8 12. Nd5 Qd7 13. Rae1 Bxd5 14.
Qxd5+ e6 15. Qd2 e5 16. b4 Ne6 17. b5 Ncd4 18. Nxd4 Nxd4 19. c3 Ne6 20. Qd5 Ke8
21. f4 Nxg5 22. fxg5 Ke7 23. c4 Rxf1+ 24. Rxf1 Rf8 25. Rxf8 Kxf8 0-1

[Event "AUTO-MASTER-727"]
[Site "http://www.queenalice.com/game.php?id=532800"]
[Date "2009.1.31"]
[Round "1"]
[White "razoman"]
[Black "LucLuc"]
[Result "1-0"]
[WhiteElo "1957"]
[BlackElo "2036"]

1. e4 e5 2. Nf3 Nc6 3. Bb5 d6 4. h3 Bd7 5. Nc3 Nf6 6. O-O Be7 7. Re1 O-O 8. d3
a6 9. Bxc6 Bxc6 10. Bg5 h6 11. Bxf6 Bxf6 12. Nd5 Be7 13. Nxe7+ Qxe7 14. c3 f5
15. Qc2 Rf6 16. Nh4 fxe4 17. dxe4 Raf8 18. Nf5 Qf7 19. f3 Bd7 20. g4 Bxf5 21.
exf5 g6 22. fxg6 1-0

[Event "AUTO-MASTER-727"]
[Site "http://www.queenalice.com/game.php?id=532801"]
[Date "2009.1.31"]
[Round "1"]
[White "LucLuc"]
[Black "razoman"]
[Result "0-1"]
[WhiteElo "2013"]
[BlackElo "1975"]

1. e4 c5 2. Nf3 Nc6 3. Bc4 e6 4. O-O a6 5. d4 cxd4 6. Nxd4 Nh6 7. Nxc6 bxc6 8.
Nc3 Ng8 9. Bf4 d5 10. exd5 cxd5 11. Bb3 h6 12. a3 Bd6 13. Bxd6 Qxd6 14. Re1 Ne7
15. Qd4 O-O 16. Ne4 Qf4 17. g3 Qf5 18. Nd6 Qh3 19. Nxc8 Raxc8 20. Rad1 Nf5 0-1